000 00736nam a2200229 i 4500
001 17702
003 ES-MaACL
005 20240217063013.0
007 t|
008 010504s1998 sp ||||1| spa d
080 _a821.134.2-34"19"
100 1 _aPrada, Juan Manuel de,
_d1970-
_993574
245 1 0 _aPecados íntimos /
_cJuan Manuel de Prada. Fragmentos / Luis Gispert Macián.
260 _aSegorbe :
_bAyuntamiento :
_bFundación Max Aub,
_c[1998]
300 _a28 p. :
_bil. ;
_c24 cm.
700 1 _aGispert Macián, Luis.
_957348
710 2 _aFundación Max Aub.
_94367
710 1 _aSegorbe.
_bAyuntamiento.
_96539
740 0 _aFragmentos.
852 _aES-MaACL
_j2164-F-6
_bR.128554
999 _c17702
_d17702